Подражание псалмам (Запись № 12363112)

Подробности
000 -МАРКЕР
контрольное поле 02008nam0a2200289 4500
001 - ИДЕНТИФИКАТОР ЗАПИСИ
контрольное поле RU\NLR\BIBL_A\022273475
005 - ИДЕНТИФИКАТОР ВЕРСИИ
контрольное поле 20260406081728.0
035 ## - ДРУГИЕ СИСТЕМНЫЕ НОМЕРА
Идентификатор записи (NLR Aleph) 022273475
100 ## - ДАННЫЕ ОБЩЕЙ ОБРАБОТКИ
Данные общей обработки 20081111d1907 |||y0rusy50 ca
101 1# - ЯЗЫК РЕСУРСА
Язык текста, звукозаписи и т.д. русский
Язык оригинала не определено
102 ## - СТРАНА ПУБЛИКАЦИИ ИЛИ ПРОИЗВОДСТВА
Страна публикации Российская Федерация
105 ## - ПОЛЕ КОДИРОВАННЫХ ДАННЫХ: ТЕКСТОВЫЕ МАТЕРИАЛЫ, МОНОГРАФИЧЕСКИЕ
Кодированные данные о монографическом текстовом документе y z |||||
200 1# - ЗАГЛАВИЕ И СВЕДЕНИЯ ОБ ОТВЕТСТВЕННОСТИ
Основное заглавие Подражание псалмам
Первые сведения об ответственности С. П.
210 ## - ПУБЛИКАЦИЯ, РАСПРОСТРАНЕНИЕ И ДР.
Место издания, распространения и т.д. [Москва]
Имя издателя, распространителя и т. д. Типо-Литография И. Ефимова
Дата издания, распространения и т.д. ценз. 1907
215 ## - ФИЗИЧЕСКАЯ ХАРАКТЕРИСТИКА
Специфическое обозначение материала и объем 4 с.
Размеры 22
225 1# - СЕРИЯ
Основное заглавие серии Благословение Обители Св. Пантелеимона
Обозначение тома № 376
300 ## - ОБЩИЕ ПРИМЕЧАНИЯ
Текст примечания Авт. указан в конце текста
300 ## - ОБЩИЕ ПРИМЕЧАНИЯ
Текст примечания Крипт. раскрыт по изд.: Хронологический список сочинений, изданий и переводов С. И. Пономарева / Пономарев С. И. Спб., 1913, с. 43
309 ## - ПРИМЕЧАНИЯ ОБ ОСНОВНОМ ИСТОЧНИКЕ ИНФОРМАЦИИ И ОБ ОСОБЕННОСТЯХ ПОЛИГРАФИЧЕСКОГО ОФОРМЛЕНИЯ ИЗДАНИЯ
Текст примечания Без тит. л. и обл.
316 ## - ПРИМЕЧАНИЯ ОБ ОСОБЕННОСТЯХ ЭКЗЕМПЛЯРА
Текст примечания Экз. РНБ входит в конволют. Приплетено к.: О духовном значении и силе священническаго благословения : (из слов Высокопреосвященнейшаго Сергия, Архиепископа Херсонскаго и Одесскаго) . Москва : Типо-Литография И. Ефимова , ценз. 1893
Организация и экземпляр, к которому относится поле NLR
482 #0 - ПРИПЛЕТЕНО К
Встроенное поле 001v19\rc\1263649
Системный номер (АБИС) связанной записи 5229905
Место публикации Москва
Дата публикации ценз. 1893
Имя издателя, распространителя и т.д. Типо-Литография И. Ефимова
Сведения, относящиеся к заглавию (из слов Высокопреосвященнейшаго Сергия, Архиепископа Херсонскаго и Одесскаго)
Физическая характеристика 4 с.
Заглавие О духовном значении и силе священническаго благословения
700 #1 - ИМЯ ЛИЦА - ПЕРВИЧНАЯ ОТВЕТСТВЕННОСТЬ
Графика поля Кириллица
Материалы, к которым относится поле rus
Начальный элемент ввода Пономарев
Часть имени, кроме начального элемента ввода С. И.
Дополнения к именам, кроме дат писатель
Даты 1828-1913
Расширение инициалов личного имени Степан Иванович
Системный номер авторитетной/нормативной записи 29325
Идентификатор авторитетной/нормативной записи RU\NLR\AUTH\7746390
852 ## - МЕСТОНАХОЖДЕНИЕ И ШИФР ХРАНЕНИЯ
Идентификатор организации NLR
Шифр хранения (Call Number) 18.257.1.77(285)
942 ## - ДОПОЛНИТЕЛЬНЫЕ ЭЛЕМЕНТЫ ЗАПИСИ (АБИС)
Тип экземпляра АБИС Книга
980 ## - КОЛЛЕКЦИЯ
Название коллекции Национальная библиография

Нет доступных экземпляров.